Statistics for All EFL Championship Teams Ever

Click here to take the quiz!

General Stats

  • This quiz has been taken 7,860 times
    (2,135 since last reset)
  • The average score is 43 of 56

Answer Stats

Team% Correct
Leeds United
91%
Leicester City
91%
Norwich City
91%
Sheffield United
91%
Aston Villa
90%
Sheffield Wednesday
90%
Luton Town
89%
Newcastle United
89%
Southampton
89%
Sunderland
89%
Wolverhampton Wanderers
89%
Brighton & Hove Albion
88%
Birmingham City
87%
Burnley
87%
Cardiff City
87%
Swansea City
87%
West Ham United
87%
Blackburn Rovers
86%
Ipswich Town
86%
Bournemouth
85%
Queens Park Rangers
85%
West Bromwich Albion
85%
Fulham
84%
Hull City
84%
Nottingham Forest
84%
Brentford
82%
Derby County
82%
Portsmouth
82%
Blackpool
81%
Bolton Wanderers
81%
Watford
81%
Crystal Palace
80%
Stoke City
79%
Huddersfield Town
78%
Plymouth Argyle
78%
Coventry City
77%
Reading
77%
Wigan Athletic
77%
Bristol City
75%
Middlesbrough
75%
Barnsley
74%
Millwall
72%
Charlton Athletic
71%
Preston North End
71%
Rotherham United
66%
Wycombe Wanderers
61%
Milton Keynes Dons
56%
Peterborough United
55%
Yeovil Town
54%
Doncaster Rovers
52%
Gillingham
45%
Burton Albion
44%
Colchester United
43%
Crewe Alexandra
39%
Scunthorpe United
36%
Southend United
36%

Score Distribution

Percentile by Number Answered

Percent of People with Each Score

Your Score History

You have not taken this quiz since the last reset